Observations on the President's fiscal year 1999 federal science and technology budget /

Bibliographic Details
Corporate Authors: Committee on Science, Engineering, and Public Policy (U.S.), NetLibrary, Inc
Format: eBook
Language:English
Published: Washington, DC : National Academy Press, 1999.
Series:Compass series (Washington, D.C.)
Subjects:
Online Access:Connect to the full text of this electronic book

MARC

Tag First Indicator Second Indicator Subfields
LEADER 00000cam a2200000La 4500
001 in00001634607
005 20220105104541.0
006 m u
007 cr cn-
008 010629s1999 dcua s 000 0 eng d
010 |z  00267790  
020 |a 0585182043 (electronic bk.) :  |c $12.00 
020 |z 0309064872 
035 |a (OCoLC)ocm44958208 
040 |a N$T  |c N$T  |d OCL  |d UtOrBLW 
043 |a n-us--- 
049 |a IKMN 
245 0 0 |a Observations on the President's fiscal year 1999 federal science and technology budget /  |c Committee on Science, Engineering, and Public Policy, National Academy of Sciences, National Academy of Engineering, Institute of Medicine. 
264 1 |a Washington, DC :  |b National Academy Press,  |c 1999. 
300 |a x, 14 pages :  |b illustrations ;  |c 23 cm. 
336 |a text  |b txt  |2 rdacontent 
337 |a computer  |b c  |2 rdamedia 
338 |a online resource  |b cr  |2 rdacarrier 
490 1 |a The compass series 
533 |a Electronic reproduction.  |b Boulder, Colo. :  |c NetLibrary,  |d 2000.  |n Available via the World Wide Web.  |n Available in multiple electronic file formats.  |n Access may be limited to NetLibrary affiliated libraries. 
500 |a Electronic resource. 
650 0 |a Federal aid to research  |z United States.  |0 http://id.loc.gov/authorities/subjects/sh2008103628 
650 0 |a Endowment of research  |z United States.  |0 http://id.loc.gov/authorities/subjects/sh2009124911 
650 0 |a Science and state  |z United States.  |0 http://id.loc.gov/authorities/subjects/sh2008111288 
650 0 |a Technology and state  |z United States.  |0 http://id.loc.gov/authorities/subjects/sh2008112664 
655 7 |a Electronic books.  |2 local 
710 2 |a Committee on Science, Engineering, and Public Policy (U.S.)  |0 http://id.loc.gov/authorities/names/n82157110 
710 2 |a NetLibrary, Inc.  |0 http://id.loc.gov/authorities/names/no99080690 
776 1 |c Original  |w (DLC) 00267790 
830 0 |a Compass series (Washington, D.C.)  |0 http://id.loc.gov/authorities/names/n97013362 
856 4 1 |u https://proxy.library.tamu.edu/login?url=http://www.netLibrary.com/urlapi.asp?action=summary&v=1&bookid=8735  |z Connect to the full text of this electronic book  |t 0 
994 |a 92  |b IKM 
999 |a MARS 
999 f f |s bcd90a8a-3a2d-37c1-8019-2f31ec0e70da  |i 7dad2540-4335-3fae-93a6-3d1b0a74a675  |t 0 
952 f f |a Texas A&M University  |b College Station  |c Electronic Resources  |d Available Online  |t 0  |e Q180.U5 O26 1999eb  |h Library of Congress classification 
998 f f |a Q180.U5 O26 1999eb  |t 0  |l Available Online